<?xml version="1.0" encoding="UTF-8"?>
<collection xmlns="http://www.loc.gov/MARC21/slim">
 <record>
  <leader>01755aam a22002418a 4500</leader>
  <controlfield tag="001">NCT_26223</controlfield>
  <controlfield tag="008">090916s2009                  ||||||viesd</controlfield>
  <datafield tag="999" ind1=" " ind2=" ">
   <subfield code="c">1255</subfield>
   <subfield code="d">1255</subfield>
  </datafield>
  <datafield tag="020" ind1=" " ind2=" ">
   <subfield code="c">33000</subfield>
  </datafield>
  <datafield tag="082" ind1="0" ind2="4">
   <subfield code="2">23rd ed.</subfield>
   <subfield code="a">725.5</subfield>
   <subfield code="b">H407</subfield>
  </datafield>
  <datafield tag="100" ind1="1" ind2=" ">
   <subfield code="a">Đặng Thái Hoàng</subfield>
  </datafield>
  <datafield tag="245" ind1="1" ind2="0">
   <subfield code="a">Kiến trúc bệnh viện đa khoa</subfield>
   <subfield code="c">Đặng Thái Hoàng</subfield>
  </datafield>
  <datafield tag="250" ind1=" " ind2=" ">
   <subfield code="a">Tái bản</subfield>
  </datafield>
  <datafield tag="260" ind1=" " ind2=" ">
   <subfield code="a">H.</subfield>
   <subfield code="b">Xây dựng</subfield>
   <subfield code="c">2014</subfield>
  </datafield>
  <datafield tag="300" ind1=" " ind2=" ">
   <subfield code="a">75 tr.</subfield>
   <subfield code="b">Minh họa</subfield>
   <subfield code="c">24 cm</subfield>
  </datafield>
  <datafield tag="520" ind1="3" ind2=" ">
   <subfield code="a">Cuốn sách &quot;Kiến trúc bệnh viện Đa Khoa&quot; trình bày những khái niệm chung và quá trình phát triển bệnh viện. Khối phòng khám đa khoa, bộ phận nhập viện và bộ phận cấp cứu. Thiết kế khối cận lâm sàng. Thiết kế các khoa và đơn nguyên hộ lí trong khối điều trị nội trú, thiết kế các phòng bệnh nhân. Phần cuối cùng là tập hình vẽ phụ lục</subfield>
  </datafield>
  <datafield tag="653" ind1=" " ind2=" ">
   <subfield code="a">Kiến trúc</subfield>
  </datafield>
  <datafield tag="942" ind1=" " ind2=" ">
   <subfield code="2">ddc</subfield>
   <subfield code="c">BK</subfield>
  </datafield>
  <datafield tag="952" ind1=" " ind2=" ">
   <subfield code="0">0</subfield>
   <subfield code="1">0</subfield>
   <subfield code="2">ddc</subfield>
   <subfield code="4">0</subfield>
   <subfield code="6">725_500000000000000_H407</subfield>
   <subfield code="7">0</subfield>
   <subfield code="9">9355</subfield>
   <subfield code="a">000001</subfield>
   <subfield code="b">000001</subfield>
   <subfield code="d">2018-06-01</subfield>
   <subfield code="o">725.5 H407</subfield>
   <subfield code="p">MD.08567</subfield>
   <subfield code="r">2018-06-01</subfield>
   <subfield code="v">33000.00</subfield>
   <subfield code="w">2018-06-01</subfield>
   <subfield code="y">BK</subfield>
  </datafield>
  <datafield tag="952" ind1=" " ind2=" ">
   <subfield code="0">0</subfield>
   <subfield code="1">0</subfield>
   <subfield code="2">ddc</subfield>
   <subfield code="4">0</subfield>
   <subfield code="6">725_500000000000000_H407</subfield>
   <subfield code="7">0</subfield>
   <subfield code="9">9356</subfield>
   <subfield code="a">000001</subfield>
   <subfield code="b">000001</subfield>
   <subfield code="d">2018-06-01</subfield>
   <subfield code="l">1</subfield>
   <subfield code="o">725.5 H407</subfield>
   <subfield code="p">MD.08568</subfield>
   <subfield code="q">2020-08-01</subfield>
   <subfield code="r">2020-07-18</subfield>
   <subfield code="s">2020-07-18</subfield>
   <subfield code="v">33000.00</subfield>
   <subfield code="w">2018-06-01</subfield>
   <subfield code="y">BK</subfield>
  </datafield>
  <datafield tag="952" ind1=" " ind2=" ">
   <subfield code="0">0</subfield>
   <subfield code="1">0</subfield>
   <subfield code="2">ddc</subfield>
   <subfield code="4">0</subfield>
   <subfield code="6">725_500000000000000_H407</subfield>
   <subfield code="7">0</subfield>
   <subfield code="9">9357</subfield>
   <subfield code="a">000001</subfield>
   <subfield code="b">000001</subfield>
   <subfield code="d">2018-06-01</subfield>
   <subfield code="o">725.5 H407</subfield>
   <subfield code="p">MD.08569</subfield>
   <subfield code="r">2018-06-01</subfield>
   <subfield code="v">33000.00</subfield>
   <subfield code="w">2018-06-01</subfield>
   <subfield code="y">BK</subfield>
  </datafield>
  <datafield tag="952" ind1=" " ind2=" ">
   <subfield code="0">0</subfield>
   <subfield code="1">0</subfield>
   <subfield code="2">ddc</subfield>
   <subfield code="4">0</subfield>
   <subfield code="6">725_500000000000000_H407</subfield>
   <subfield code="7">0</subfield>
   <subfield code="9">9358</subfield>
   <subfield code="a">000001</subfield>
   <subfield code="b">000001</subfield>
   <subfield code="d">2018-06-01</subfield>
   <subfield code="l">1</subfield>
   <subfield code="o">725.5 H407</subfield>
   <subfield code="p">MD.08570</subfield>
   <subfield code="r">2020-07-18</subfield>
   <subfield code="s">2020-06-26</subfield>
   <subfield code="v">33000.00</subfield>
   <subfield code="w">2018-06-01</subfield>
   <subfield code="y">BK</subfield>
  </datafield>
  <datafield tag="980" ind1=" " ind2=" ">
   <subfield code="a">Thư viện Trường Đại học Nam Cần Thơ</subfield>
  </datafield>
 </record>
</collection>
